Normal view MARC view
  • Widmer, Neal S

Entry Personal Name

Number of records used in: 5

001 - CONTROL NUMBER

  • control field: 103326

003 - CONTROL NUMBER IDENTIFIER

  • control field: NUST

005 - DATE AND TIME OF LATEST TRANSACTION

  • control field: 20221122114213.0

008 - FIXED-LENGTH DATA ELEMENTS

  • fixed length control field: 221122|| aca||aabn | a|a d

040 ## - CATALOGING SOURCE

  • Original cataloging agency: NUST
  • Transcribing agency: NUST

100 ## - HEADING--PERSONAL NAME

  • Personal name: Widmer, Neal S

670 ## - SOURCE DATA FOUND

  • Source citation: Work cat.: (NUST)175509: Tocci, Ronald J. 66452, Digital systems :, c1998.
© 2023 Central Library, National University of Sciences and Technology. All Rights Reserved.